000
00289nam a2200145Ia 4500
100
_a
Mehta/Nirav
942
_c
BK
366
_f
20
245
_a
Mobile Web development
260
_b
Oreilly
_c
2008
082
_a
5.3
_b
MEH
300
_a
220
546
_a
ENGLISH
_c
Computers
999
_c
28565
_d
28565